جان دارك : البطلة التي أنقذت وطنها : (رقم التسجيلة. 32111)

تفاصيل مارك
000 -LEADER
fixed length control field 00760nam a22002177a 4500
005 - DATE AND TIME OF LATEST TRANSACTION
control field 20251108165822.0
008 - FIXED-LENGTH DATA ELEMENTS--GENERAL INFORMATION
fixed length control field 250721s1988 xx 000 0 ara d
082 14 - DEWEY DECIMAL CLASSIFICATION NUMBER
Classification number ط/923.544/محا
100 1# - MAIN ENTRY--PERSONAL NAME
Personal name المحامي، محمد كامل حسن
245 10 - TITLE STATEMENT
Title جان دارك : البطلة التي أنقذت وطنها :
Remainder of title البطلة التي أنقذت وطنها /
264 1# - PRODUCTION, PUBLICATION, DISTRIBUTION, MANUFACTURE, AND COPYRIGHT NOTICE
Place of production, publication, distribution, manufacture بيروت :
Name of producer, publisher, distributor, manufacturer المكتب العالمي للطباعة و النشر،
Date of production, publication, distribution, manufacture, or copyright notice 1988.
300 ## - PHYSICAL DESCRIPTION
Extent 136ص.
490 0# - SERIES STATEMENT
Series statement عباقرة خالدون
650 17 - SUBJECT ADDED ENTRY--TOPICAL TERM
Topical term or geographic name as entry element التراجم
650 17 - SUBJECT ADDED ENTRY--TOPICAL TERM
Topical term or geographic name as entry element الأبطال
653 ## - INDEX TERM--UNCONTROLLED
Uncontrolled term (سنة 18-15) ناشئون كبار
653 ## - INDEX TERM--UNCONTROLLED
Uncontrolled term القادة العسكريون
653 ## - INDEX TERM--UNCONTROLLED
Uncontrolled term جان دارك
942 ## - ADDED ENTRY ELEMENTS (KOHA)
Source of classification or shelving scheme Dewey Decimal Classification
Koha item type كتب
المقتنيات
حالة السحب حالة الفقدان مصدر التصنيف حالة التلف غير قابل للإعارة المكتبة الرئيسية المكتبة الحالية موقع الرف تاريخ التزويد الرقم المتسلسل Total Checkouts رقم الإستدعاء تاريخ آخر ظهور تاريخ الفاتورة نوع المادة (كوها) الباركود
    Dewey Decimal Classification     المكتبة المركزية المكتبة المركزية الأطفال 08/02/2012 1511035   ط/923.544/محا 28/07/2025 08/02/2012 كتب PLD00240340
    Dewey Decimal Classification Unchecked   مكتبة أبو علندا العامة مكتبة أبو علندا العامة الأطفال 06/07/2004 721   ط/923.544/محا 28/07/2025 06/07/2004 كتب  
    Dewey Decimal Classification     مكتبة أم المؤمنين للأطفال مكتبة أم المؤمنين للأطفال الأطفال 28/07/2025 430162   ط/923.544/محا 28/07/2025 28/07/2025 كتب 430162
    Dewey Decimal Classification     مكتبة الاميرة بديعة مكتبة الاميرة بديعة الأطفال 22/07/2015 [2463]...   ط/923.544/محا 28/07/2025 22/07/2015 كتب PLD00338228
    Dewey Decimal Classification     مكتبة الحسن العامة مكتبة الحسن العامة الأطفال 18/08/2018 04626   ط/923.544/محا 28/07/2025 18/08/2018 كتب PLD00428322
    Dewey Decimal Classification Unchecked   مكتبة الراية الهاشمية للأطفال مكتبة الراية الهاشمية للأطفال الإعارة 28/07/2025 295867   ط/923.544/محا 28/07/2025 28/07/2025 كتب  
    Dewey Decimal Classification Unchecked   مكتبة النصر العامة مكتبة النصر العامة الأطفال 06/07/2004 5452   ط/923.544/محا 28/07/2025 06/07/2004 كتب  
Implemented & Customized by: BBB with SCIT (Smart Chains for Information Technology)

Powered by Koha